El papel de las pequeñas unidades de producción en el desarrollo industrial colombiano (Registro nro. 12351)
[ vista simple ]
| 000 -LEADER | |
|---|---|
| fixed length control field | 00786nam a2200217Ia 4500 |
| 003 - CONTROL NUMBER IDENTIFIER | |
| control field | OSt |
| 005 - DATE AND TIME OF LATEST TRANSACTION | |
| control field | 20210901141628.0 |
| 008 - FIXED-LENGTH DATA ELEMENTS--GENERAL INFORMATION | |
| fixed length control field | 210310s1994 ck gr 000 0 spa d |
| 040 ## - CATALOGING SOURCE | |
| Transcribing agency | CO-JMCR |
| Original cataloging agency | CO-JMCR |
| 041 0# - LANGUAGE CODE | |
| Language code of text/sound track or separate title | spa |
| 082 04 - DEWEY DECIMAL CLASSIFICATION NUMBER | |
| Classification number | 338.642 / |
| Item number | M371p |
| Edition number | 23 |
| 100 1# - MAIN ENTRY--PERSONAL NAME | |
| Personal name | Misas Arango, Gabriel, |
| Relator term | autor |
| 9 (RLIN) | 27989 |
| 245 13 - TITLE STATEMENT | |
| Title | El papel de las pequeñas unidades de producción en el desarrollo industrial colombiano |
| Statement of responsibility, etc. | Gabriel Misas Arango |
| 260 ## - PUBLICATION, DISTRIBUTION, ETC. | |
| Place of publication, distribution, etc. | Bogotá : |
| Name of publisher, distributor, etc. | Plan nacional para el desarrollo de la empresa, |
| Date of publication, distribution, etc. | [1994]. |
| 300 ## - PHYSICAL DESCRIPTION | |
| Extent | 103 páginas ; |
| Dimensions | 24 cm. |
| 501 ## - WITH NOTE | |
| With note | Con : notas a pie de página. |
| 650 14 - SUBJECT ADDED ENTRY--TOPICAL TERM | |
| General subdivision | Microempresas |
| Topical term or geographic name entry element | Unidades de producción |
| 9 (RLIN) | 39861 |
| 650 24 - SUBJECT ADDED ENTRY--TOPICAL TERM | |
| General subdivision | Desarrollo industrial |
| Geographic subdivision | Colombia |
| 9 (RLIN) | 7359 |
| 650 24 - SUBJECT ADDED ENTRY--TOPICAL TERM | |
| General subdivision | Producción |
| Geographic subdivision | Colombia |
| 9 (RLIN) | 39862 |
| 942 ## - ADDED ENTRY ELEMENTS (KOHA) | |
| Source of classification or shelving scheme | Dewey Decimal Classification |
| Koha item type | Books |
| Withdrawn status | Lost status | Source of classification or shelving scheme | Damaged status | Not for loan | Home library | Current library | Shelving location | Date acquired | Source of acquisition | Full call number | Barcode | Date last seen | Copy number | Price effective from | Koha item type |
|---|---|---|---|---|---|---|---|---|---|---|---|---|---|---|---|
| Dewey Decimal Classification | Biblioteca Pública José María del Castillo y Rada | Biblioteca Pública José María del Castillo y Rada | General Stacks | 04/15/2018 | Donación | 338.642 / M371p | 430005868 | 05/16/2024 | Ej.1 | 03/10/2021 | Books |